000 00460nam a22001817a 4500
003 OSt
005 20260309133814.0
008 260308b |||||||| |||| 00| 0 eng d
020 _a9780753559024
082 _a006.3
_bLEEA
100 _aLee, Kai-fu and Qiufan, Chen
245 _aAI 2041: Ten visions for our future
260 _aLondon
_bPenguin Random House,
_c2024
300 _a450p
546 _aEnglish
650 _aComputer Science
942 _2ddc
_cBK
999 _c3958
_d3958